| 000 | 00831nam a2200253Ia 4500 | ||
|---|---|---|---|
| 008 | 191130s2009##################000#0#eng## | ||
| 020 | _a9780521873604 | ||
| 022 | _a2008031152 | ||
| 040 |
_aACL _cACL |
||
| 082 | _a322.1 LEV | ||
| 245 |
_aSecularism, religion and multicultural citizenship _c[edited by] Geoffrey Brahm Levey and Tariq Modood ; foreword by Charles Taylor |
||
| 260 |
_aCambridge _bCambridge University Press _cc2009 |
||
| 300 | _axxiv, 274 p. ; 24 cm | ||
| 500 | _aIncludes bibliographical references (p. 243-266) and index | ||
| 650 | _aIslam - Relations | ||
| 650 | _aMulticulturalism | ||
| 650 | _aReligious pluralism | ||
| 650 | _aSecularism | ||
| 700 | _aLevey, Geoffrey Brahm | ||
| 700 | _aModood, Tariq | ||
| 990 | _a0216bdebac10000c0363134071bcf8e5 | ||
| 991 | _a387836 | ||
| 999 |
_c392183 _d392183 |
||